10 Most Intense Clone Wars Battles - Statistics

General Stats
  • This quiz has been taken 60 times
  • The average score is 7 of 11
Answer Stats
Hint Answer % Correct
Clones home planet. Kamino
100%
Rex is Promoted to Commander and sent here along with Adviser Ahsoka Tano. Mandalore
90%
One of the worst battles during the war and saw a large casualty rate. The clones were fighting under a questionable leader and against technology they had never seen. Umbara
85%
General Grievous finally dies. Utapau
83%
Gree and Jek die here. Kashyyyk
71%
Anakin and Obi-Wan race to the capital. Coruscant
66%
Admiral Trench is thought to have died here. One of the early battles of the war. There is another battle here later on too. Christophsis
61%
A Civil War where Ahsoka was sent as an advisor and could not intervene unless absolutely necessary. Onderon
49%
Bonus: This was the longest campaign in the entire war. This planet saw three battles fighting against the Galactic Marines. Mygeeto
41%
One of the longer campaigns of the war and the Clones eventually become the enemy (Kind of) in the days of the Empire. Ryloth
29%
This battle saw 4 Clone Battalions taking over this planet for a second time. This time it was worst than the first battle. The Battalions were the 21st, 41st, 212th, and the 501st. Second Battle of Geonosis
17%
No matching quizzes found
Score Distribution
Percent of People with Each Score
Percentile by Number Answered
Your Score History
You have not taken this quiz